50 World Cities by Letter A-Z Quiz Stats

 Plays Quiz not verified by Sporcle

Challenge
Share
Tweet
Score 0/200 Timer 20:00
0 Plays Today
Letter City % Correct
BBerlin, Busan, Buenos Aires,...
94.7%
CCasablanca, Changchun, Chicago,...
91.7%
NNew York
91.4%
BBeijing
91.3%
HHanoi, Havana, Houston,...
90.1%
SSantiago, St. Petersburg, Shenyang,...
89.6%
AAkure,...
89.4%
DDalian, Dakar, Douala,...
88.7%
CCairo
88.2%
LLondon
88.2%
BBamako, Bekasi, Budapest,...
87.8%
TTokyo
87.7%
MMultan, Mogadishu, Mecca,...
86.9%
PParis
86.8%
PPhiladelphia, Phoenix, Peshawar,...
86.6%
MMoscow
85.7%
LLos Angeles
85.5%
MMosul, Mashhad, Medellin,...
85.1%
DDongying,...
85.1%
SSemarang,...
84.8%
LLouisville,...
83.8%
MMexico City
83.6%
BBrazzaville,...
82.2%
SShanghai
81.7%
OOnitsha, Ottawa, Oran,...
81.4%
JJakarta
81%
MMumbai
80.9%
MMadrid
80.5%
IIstanbul
80.3%
DDelhi
80.2%
VVolgograd, Vijayawada, Voronezh,...
80.2%
KKunming, Kabul, Kano,...
80%
RRome
80%
TToronto, Taegu, Tashkent,...
79.9%
IIndore, Irbil, Ilorin,...
78.8%
CCordoba, Ciudad Juarez, Copenhagen,...
78.5%
AAddis Abeba, Accra, Aleppo,...
78.3%
SShijiazhuang, Sapporo, Soweto,...
78.2%
FFushun, Faridabad, Fes,...
77.6%
AAthens
77.5%
SSeoul
76.2%
SSao Paulo
75.8%
RRio De Janeiro
75.7%
AAnkara
75%
JJohannesburg
74.9%
BBangkok
74.7%
HHong Kong
74.5%
WWarri, Wuhu, Winnipeg ,...
74.5%
CCape Town
74%
MMaiduguri,...
73%
OOsaka
73%
LLima
72.9%
BBaghdad
72.5%
HHermosillo,...
72.3%
KKolkata
72.3%
TTehran
71.8%
BBogota
71.3%
WWarsaw
71.1%
KKyoto, Kharkov, Kawasaki,...
70.9%
KKonya,...
70.8%
LLagos
69.5%
DDonetsk, Dammam, Duque De Caxias,...
69.1%
VVeracruz, Vila Velha, Villavicencio,...
68.7%
DDhaka
68.4%
AAgra, Adelaide, Amman,...
67.7%
TTiruchirappalli,...
67.6%
RRostov-On-Don, Rosario, Rajkot,...
67.6%
Letter City % Correct
KKiev
67.3%
KKarachi
66.7%
MMelbourne
66.6%
NNingbo, Nanchang, Nanning,...
66.5%
EEskisehir, Essen, Ezhou,...
66.4%
AAlexandria
65.8%
CChihuahua,...
65.7%
VVienna
65.6%
JJerusalem, Joao Pessoa, Jalandhar,...
64.8%
GGuadalajara, Gaziantep, Goiania,...
64.7%
NNashville,...
64.1%
SSingapore
63.8%
AAlgiers
63.6%
HHo Chi Minh
63.6%
RRiyadh
63.6%
NNairobi
63.4%
QQuito
63%
KKinshasa
62.7%
GGuangzhou
60.9%
VVitoria,...
59.8%
GGlasgow, Gorakhpur, Genoa,...
59.7%
PPyongyang
59.7%
XXian
59.5%
LLiuzhou, Lome, La Paz,...
59.3%
TTbilisi, Taizhong, Tarabulus,...
58.8%
ZZaozhuang, Zhuzhou, Zhanjiang,...
58.5%
LLahore
56.9%
TTaipei
56.8%
LLuanda, Lucknow, Lanzhou,...
56.6%
BBangalore
55.3%
CChennai
54.3%
PPretoria
53.8%
PPort Elizabeth, Palembang, Pimpri Chinchwad,...
51%
FFresno, Fukuyama, Fuling,...
50.5%
PPointe-Noire,...
49.9%
HHyderabad
49.8%
WWuhan
49.7%
DDurban
49.1%
JJilin, Jabalpur, Johor Bahru,...
48.6%
AAhmedabad
46.9%
YYangon
46.8%
DDar Es Salaam
46.1%
EEl Paso
45.8%
UUlaanbaatar
45.8%
QQuetta, Quanzhou, Qinhuangdao,...
45.1%
YYerevan, Yancheng, Yichang,...
43.6%
VValencia
43.1%
EEdmonton
42.1%
FFuzhou,...
41.7%
TTianjin
41.2%
CChongqing
40.1%
PPune
39.9%
CChengdu
39.1%
IIzmir
38.1%
OOwerri, Oita, Omaha,...
37.9%
OOdessa
37.8%
JJiddah
37.8%
SShenzhen
37.4%
NNanjing
37.3%
JJaipur
37.3%
RRecife
37.2%
HHarbin
37.1%
NNagoya
36.8%
YYokohama
36.4%
YYaounde
36.2%
GGuayaquil
34.7%
FFaisalabad
34.5%
Letter City % Correct
FFortaleza
34.4%
UUrumqi
33.1%
QQingdao
32.1%
YYakeshi,...
31.6%
QQuezon City
31.3%
HHangzhou
31%
IInchon
31%
UUfa
30.9%
IIbadan
30.4%
GGuigang,...
30%
OOuagadougou
29.9%
FFukuoka
29.4%
OOmsk
29%
GGiza
28.9%
YYekaterinburg
28.7%
FFuzhou
28.2%
NNdjamena, Niigata, Natal,...
28.2%
IIsfahan
27.9%
RRaoping,...
26.7%
RReynosa, Rasht, Ryazan,...
26.3%
DDongguan
25.6%
KKanpur
25.3%
UUtrecht, Uberaba, Uitenhage,...
25.2%
WWujiang, Wuhai, Wichita,...
24.3%
RRawalpindi
23.5%
XXiamen
23.5%
EElazig, Emalahleni, Esteban Echeverria,...
22.9%
NNagpur
22.9%
JJuiz De Fora,...
22.5%
ZZibo
21.7%
ZZhengzhou
21.7%
WWuxi
21.3%
JJinan
21.2%
PPort Harcourt
20.7%
QQom
19.9%
OOmdurman
19.7%
EEcatepec
19.6%
HHuizhou, Haikou, Hohhot,...
19.3%
FFoshan
18.3%
ZZahedan, Zunyi, Zoucheng,...
18.3%
TTaiyuan
16.3%
VVaranasi
15.9%
UUberlandia, Urumieh, Uijongbu,...
15.7%
EEl Alto
15.6%
IIchikawa, Iloilo, Ijebu Ode,...
15.2%
GGuiyang
15.2%
VVadodara
14.9%
UUlyanovsk
14.5%
QQiqihar
13.9%
WWenzhou
13.7%
XXuzhou
13.5%
ZZapopan
13.2%
GGujranwala
12.6%
UUlsan
12.3%
XXining
12.1%
EEnugu
11.9%
WWeifang
11.1%
VVisakhapatnam
10.9%
YYantai
10.8%
XXianyang, Xinxiang, Xiangtan,...
10.7%
ZZhongshan
10.1%
YYinchuan, Yiwu, Yixing,...
9.9%
QQinzhou, Qazvin, Qujing,...
9.6%
XXiangfan
9.5%
XXinghua, Xingning, Xingping,...
9.1%
ZZhuhai
8.9%

You're not logged in!

Compare scores with friends on all Sporcle quizzes.
OR
Log In

You Might Also Like...

Show Comments

Extras

Top Quizzes Today


Score Distribution

Your Account Isn't Verified!

In order to create a playlist on Sporcle, you need to verify the email address you used during registration. Go to your Sporcle Settings to finish the process.

Report this User

Report this user for behavior that violates our Community Guidelines.

Details: